| Поле | Инд. | ПП | Название | Значение |
|---|---|---|---|---|
| Тип записи | a | |||
| Библиографический уровень | a | |||
| 001 | Контрольный номер | 3c5935bb4375454083f05ffa75c56f8e | ||
| 005 | Дата корректировки | 20181120134529.5 | ||
| 100 | a | Данные общей обработки | 20180626 ||| 0rusy0189 ca | |
| 101 | 0_ | a | Язык текста | rus |
| 102 | a | Страна публикации | RU | |
| 200 | 1_ | f | Первые сведения об ответственности | И.В. Сивакова |
| a | Заглавие | Реалии современной системы обязательного пенсионного страхования в России | ||
| 210 | d | Дата издания | 2018 | |
| 461 | _0 | 1 | 2000 | |
| a | Закон и право | |||
| 463 | _0 | 1 | 2000 | |
| a | №2 | |||
| v | С. 19-24 | |||
| 1 | 2101 | |||
| d | 2018 | |||
| 1 | 001cffc68b7230e4f5293851f0e15b6c238 | |||
| 606 | a | Основная рубрика | Трудовое право | |
| 610 | 0_ | a | Ключевые слова | СТРАХОВАНИЕ ПЕНСИОННОЕ |
| 700 | _1 | a | Фамилия | Сивакова |
| b | Имя | И.В. | ||
| 801 | _0 | a | Страна | RU |
| b | Организация | РГУП | ||
| c | Дата составления | 20180626 | ||
| g | Правила каталогизации | PSBO | ||
| 801 | _1 | a | Страна | RU |
| b | Организация | РГУП | ||
| c | Дата составления | 20180626 | ||
| g | Правила каталогизации | PSBO | ||
| 901 | t | Тип документа | b | |
| w | Контрольный № источника | cffc68b7230e4f5293851f0e15b6c238 | ||
| 905 | a | Дата ввода | 20180626 |